[Event "26th EUR-ch"]
[Site "Katowice POL"]
[Date "2026.04.07"]
[Round "1.161"]
[White "Stierhof, Michael"]
[Black "Paszewski, Mateusz"]
[Result "0-1"]
[WhiteElo "1993"]
[BlackElo "2407"]
[EventDate "2026.04.07"]
[PlyCount "114"]

1.e4 c6 2.Nf3 d5 3.d3 g6 4.Be2 Bg7 5.O-O e5 6.Nbd2 Ne7 7.Re1 O-O 8.Bf1 Qc7
9.c3 c5 10.a4 Nbc6 11.a5 h6 12.Qa4 Be6 13.b4 cxb4 14.cxb4 a6 15.Bb2 Rfd8 
16.Rec1 Qb8 17.Nb3 Bd7 18.Nc5 Be8 19.Qb3 d4 20.g3 Nc8 21.h4 Nd6 22.h5 g5 
23.Bh3 b6 24.Nd7 Rxd7 25.Rxc6 Rb7 26.Rxb6 Rxb6 27.axb6 Qxb6 28.Qd5 Qc6 29.
Ra5 Nb5 30.Nd2 Qxd5 31.exd5 Bf8 32.Ba3 Nxa3 33.Rxa3 Bxb4 34.Ra2 Bxd2 35.
Rxd2 Rd8 36.Re2 Rxd5 37.f4 gxf4 38.gxf4 Bb5 39.fxe5 Bxd3 40.Rd2 Bb5 41.e6 
Rxh5 42.exf7+ Kxf7 43.Bg2 Rg5 44.Kf2 Rf5+ 45.Kg3 d3 46.Be4 Rc5 47.Kf4 Ke7 
48.Rh2 Rc1 49.Rxh6 d2 50.Bf3 d1=Q 51.Bxd1 Rxd1 52.Ke5 Kd7 53.Rh4 Kc6 54.
Ke4 Kc5 55.Ke3 a5 56.Rh2 a4 57.Rh5+ Kb4 0-1

[Event "26th EUR-ch"]
[Site "Katowice POL"]
[Date "2026.04.07"]
[Round "1.162"]
[White "Kusa, Jakub"]
[Black "Dovzhenko, Oleksandr"]
[Result "1-0"]
[WhiteElo "2406"]
[BlackElo "1990"]
[EventDate "2026.04.07"]
[PlyCount "119"]

1.d4 Nf6 2.c4 d6 3.Nc3 g6 4.g3 Bg7 5.Bg2 e5 6.Nf3 Nbd7 7.h3 a5 8.O-O O-O 
9.e4 Re8 10.Re1 c6 11.b3 Qc7 12.Be3 Nf8 13.Qc2 Ne6 14.Rad1 Nd7 15.d5 Nec5 
16.a3 Rf8 17.b4 axb4 18.axb4 Na6 19.Qb3 h6 20.Ra1 Kh7 21.Qb1 Rb8 22.Rc1 f5
23.exf5 gxf5 24.Nh4 Nb6 25.b5 Nc5 26.dxc6 bxc6 27.Bxc6 e4 28.Ng2 Be6 29.
Nd5 Nxd5 30.cxd5 Bxa1 31.Bxc5 Be5 32.Be3 Bc8 33.Nf4 Qg7 34.Rc4 Rg8 35.Ra4 
Qg5 36.Ra7+ Rg7 37.Qa2 Bb7 38.Ne6 Qg6 39.Nxg7 Bxg3 40.Ne6 Be5+ 41.Kf1 Qh5 
42.Qe2 Qxh3+ 43.Ke1 Qh1+ 44.Kd2 Qb1 45.Qc4 Ra8 46.Rxa8 Bxa8 47.Bxa8 Qb2+ 
48.Ke1 Qa1+ 49.Ke2 Qxa8 50.Bd4 Qa3 51.Bxe5 Qf3+ 52.Ke1 dxe5 53.Qc7+ Kg6 
54.Qg7+ Kh5 55.Qxe5 Qh1+ 56.Kd2 e3+ 57.fxe3 Qg2+ 58.Kc3 Qf1 59.Qxf5+ Qxf5 
60.Ng7+ 1-0

[Event "26th EUR-ch"]
[Site "Katowice POL"]
[Date "2026.04.07"]
[Round "1.163"]
[White "Smolinski, Wojciech"]
[Black "Agdelen, Huseyin Can"]
[Result "0-1"]
[WhiteElo "1989"]
[BlackElo "2405"]
[EventDate "2026.04.07"]
[PlyCount "106"]

1.e4 c5 2.Nf3 d6 3.Bb5+ Nd7 4.Ba4 Nf6 5.O-O e6 6.c4 Be7 7.Nc3 O-O 8.d4 
cxd4 9.Nxd4 a6 10.Qe2 Qc7 11.Kh1 Ne5 12.Bb3 Bd7 13.f4 Nc6 14.Nf3 Rac8 15.
Be3 Na5 16.Nd2 Qb8 17.Bd4 b5 18.e5 Ne8 19.cxb5 axb5 20.Nce4 Nc6 21.exd6 
Nxd4 22.Qf2 Nxd6 23.Qxd4 Nf5 24.Qf2 Bc6 25.Rae1 Rfd8 26.Bd1 Bh4 27.g3 Bxg3
28.hxg3 Rxd2 29.Qxd2 Nxg3+ 30.Kg1 Bxe4 31.Rf2 Rd8 32.Qc1 Bd5 33.Bf3 Bxa2 
34.Rg2 Nf5 35.Be4 Bd5 36.Qb1 Qxf4 37.Bxd5 Rxd5 38.Qc1 Qxc1 39.Rxc1 g6 40.
Rgc2 Nd4 41.Rc8+ Kg7 42.R1c7 h5 43.Rc5 Rxc5 44.Rxc5 Kf6 45.Kf2 e5 46.Ke3 
Kf5 47.Rc1 g5 48.Rf1+ Ke6 49.Rg1 g4 50.Rh1 h4 51.Kf2 h3 52.Ra1 f5 53.Ra8 
f4 0-1

[Event "26th EUR-ch"]
[Site "Katowice POL"]
[Date "2026.04.07"]
[Round "1.164"]
[White "Sibashvili, Giorgi"]
[Black "Varney, Zoe"]
[Result "1-0"]
[WhiteElo "2405"]
[BlackElo "1988"]
[EventDate "2026.04.07"]
[PlyCount "119"]

1.Nf3 d5 2.g3 Nf6 3.Bg2 e6 4.O-O Be7 5.c4 O-O 6.b3 d4 7.e3 c5 8.Ne5 Qc7 9.
f4 Nfd7 10.exd4 cxd4 11.Nd3 Nc5 12.Nxc5 Bxc5 13.Ba3 Bxa3 14.Nxa3 Bd7 15.d3
Bc6 16.Nc2 Rd8 17.b4 Bxg2 18.Kxg2 Nc6 19.Qf3 Ne7 20.Rfe1 Rd7 21.a4 a5 22.
b5 Rad8 23.Rac1 Qd6 24.Re4 Nf5 25.Kg1 Qc7 26.Re5 Ne7 27.Qf2 Ng6 28.Re4 Qc5
29.Rce1 b6 30.Qd2 Qf5 31.Na1 Qc5 32.Qb2 Ne7 33.Re5 Qd6 34.Nc2 Nf5 35.Qa3 
Ne3 36.Qxd6 Rxd6 37.Nxe3 dxe3 38.R1xe3 Rd4 39.Kf2 Kf8 40.Ke2 g6 41.R5e4 
R4d6 42.Kd2 Ke7 43.Kc3 f6 44.d4 Kf7 45.c5 Rc8 46.Kc4 Rc7 47.g4 h6 48.h4 
Rc8 49.h5 gxh5 50.gxh5 Rc7 51.Re2 Rc8 52.f5 e5 53.c6 exd4 54.Rxd4 Rxd4+ 
55.Kxd4 Rd8+ 56.Kc4 Rd1 57.Re3 Rd8 58.Rd3 Rc8 59.Rd7+ Ke8 60.Kd5 1-0

[Event "26th EUR-ch"]
[Site "Katowice POL"]
[Date "2026.04.07"]
[Round "1.165"]
[White "Zakin, Lior"]
[Black "Turski, Bartlomiej"]
[Result "0-1"]
[WhiteElo "1986"]
[BlackElo "2404"]
[EventDate "2026.04.07"]
[PlyCount "52"]

1.e4 e5 2.Nf3 Nc6 3.Bb5 a6 4.Ba4 f5 5.d3 fxe4 6.dxe4 Nf6 7.O-O d6 8.Bxc6+ 
bxc6 9.Qe2 Bg4 10.Rd1 Be7 11.Qc4 Bxf3 12.Qxc6+ Nd7 13.gxf3 O-O 14.Nc3 Bh4 
15.Nd5 Rc8 16.Ne3 Rxf3 17.Nf5 g6 18.Nxh4 Qxh4 19.Qxd7 Rcf8 20.Be3 Rxf2 21.
Bxf2 Rxf2 22.Qd8+ Qxd8 23.Kxf2 Qh4+ 24.Ke3 Qh3+ 25.Kd2 Qxh2+ 26.Kd3 Qf2 
0-1

[Event "26th EUR-ch"]
[Site "Katowice POL"]
[Date "2026.04.07"]
[Round "1.166"]
[White "Czernek, Tymon"]
[Black "Dovbysh, Timur"]
[Result "1-0"]
[WhiteElo "2401"]
[BlackElo "1984"]
[EventDate "2026.04.07"]
[PlyCount "81"]

1.e4 c5 2.Nf3 Nc6 3.Bb5 e6 4.O-O Nge7 5.Re1 a6 6.Bf1 d5 7.exd5 Nxd5 8.d4 
Nf6 9.Be3 Be7 10.c4 O-O 11.Nc3 b6 12.a3 cxd4 13.Nxd4 Bb7 14.Na4 Nd7 15.Qb3
Rb8 16.Rad1 Qc7 17.Nf3 Ba8 18.Qc2 Rfd8 19.h3 h6 20.Qc1 Nc5 21.Nc3 Rxd1 22.
Rxd1 Rd8 23.b4 Rxd1 24.Qxd1 Nd7 25.Bf4 Qd8 26.Bd3 Bb7 27.Bc2 Qc8 28.Ne4 
Nf6 29.Nxf6+ Bxf6 30.Qd3 Kf8 31.Be3 Qc7 32.Qh7 Ne5 33.Nxe5 Qxe5 34.Qh8+ 
Ke7 35.Ba4 Qa1+ 36.Kh2 Qe5+ 37.f4 Qc7 38.Qe8+ Kd6 39.Bxb6 Qc8 40.Qxf7 Bc6 
41.Bc5# 1-0

[Event "26th EUR-ch"]
[Site "Katowice POL"]
[Date "2026.04.07"]
[Round "1.167"]
[White "Malinowski, Damian"]
[Black "Medhus, Vitus Bondo"]
[Result "0-1"]
[WhiteElo "1984"]
[BlackElo "2401"]
[EventDate "2026.04.07"]
[PlyCount "72"]

1.c4 c5 2.Nc3 Nc6 3.g3 g6 4.Bg2 Bg7 5.e4 a6 6.Nge2 b5 7.d3 Rb8 8.O-O d6 9.
h3 e6 10.f4 b4 11.Nb1 Nge7 12.Nd2 O-O 13.Rb1 Qa5 14.Nb3 Qc7 15.Be3 a5 16.
Nd2 Ba6 17.b3 Rbd8 18.g4 f5 19.Qc2 Bc8 20.Nf3 e5 21.gxf5 gxf5 22.fxe5 Nxe5
23.Kh1 Nxf3 24.Rxf3 fxe4 25.dxe4 Rxf3 26.Bxf3 Ng6 27.Ng3 d5 28.Nf5 d4 29.
Bg5 Re8 30.Rg1 Qc6 31.Qg2 Bb7 32.h4 Qxe4 33.Nxg7 Qxf3 34.Qxf3 Bxf3+ 35.Kh2
Kxg7 36.h5 Bxh5 0-1

[Event "26th EUR-ch"]
[Site "Katowice POL"]
[Date "2026.04.07"]
[Round "1.168"]
[White "Cukrowski, Filip"]
[Black "Pousada Garcia, Victor Daniel"]
[Result "1-0"]
[WhiteElo "2400"]
[BlackElo "1984"]
[EventDate "2026.04.07"]
[PlyCount "57"]

1.d4 Nf6 2.c4 e5 3.dxe5 Ng4 4.Nf3 Nc6 5.Bf4 Bb4+ 6.Nbd2 Qe7 7.a3 Ngxe5 8.
Nxe5 Nxe5 9.e3 Bxd2+ 10.Qxd2 d6 11.Be2 a5 12.Bg3 a4 13.c5 dxc5 14.Rc1 O-O 
15.Qd5 Re8 16.Rxc5 Nc6 17.Qc4 Ra6 18.Qc3 Rb6 19.O-O Rb3 20.Qc1 Qf6 21.Bd1 
Rxb2 22.Bh4 Qxh4 23.Qxb2 Re6 24.Rh5 Qd8 25.Bxa4 Ne7 26.Rd1 Qf8 27.Re5 Rb6 
28.Qc3 Be6 29.Qxc7 1-0

[Event "26th EUR-ch"]
[Site "Katowice POL"]
[Date "2026.04.07"]
[Round "1.169"]
[White "Zabawski, Grzegorz"]
[Black "Salimova, Nurgyul"]
[Result "0-1"]
[WhiteElo "1984"]
[BlackElo "2399"]
[EventDate "2026.04.07"]
[PlyCount "96"]

1.e4 c6 2.Nf3 d5 3.exd5 cxd5 4.d4 Nf6 5.Bd3 Bg4 6.Nbd2 Nc6 7.c3 e6 8.Nf1 
Qa5 9.Be3 Bd6 10.Ng3 Qc7 11.Qe2 Nh5 12.Nxh5 Bxh5 13.h3 a6 14.a3 Na5 15.O-O
Nc4 16.Bxc4 dxc4 17.d5 O-O 18.dxe6 Rae8 19.e7 Rxe7 20.Rad1 Bg6 21.Qd2 Bd3 
22.Rfe1 Rfe8 23.Nd4 h6 24.Kh1 Bc5 25.b4 Bb6 26.a4 Qd7 27.a5 Bc7 28.Nf3 Qf5
29.Bb6 Bf4 30.Rxe7 Rxe7 31.Be3 Bc7 32.Kg1 Be4 33.Qe2 Bd3 34.Qd2 Re6 35.Ne1
Be4 36.Qd7 Qe5 37.Kf1 Bc6 38.Nf3 Bxd7 39.Nxe5 Ba4 40.Ra1 Bxe5 41.Rxa4 Bxc3
42.Ke2 Rd6 43.g4 Rd5 44.f4 Bb2 45.Ra2 c3 46.h4 Kf8 47.g5 h5 48.Kf2 Rd3 0-1

[Event "26th EUR-ch"]
[Site "Katowice POL"]
[Date "2026.04.07"]
[Round "1.170"]
[White "Kanov, Nikola"]
[Black "Hlavacek, Pavel"]
[Result "1-0"]
[WhiteElo "2398"]
[BlackElo "1982"]
[EventDate "2026.04.07"]
[PlyCount "83"]

1.e4 c5 2.Nf3 d6 3.d4 cxd4 4.Nxd4 Nf6 5.Nc3 a6 6.Be3 e5 7.Nb3 Be6 8.f3 h5 
9.Nd5 Bxd5 10.exd5 Nbd7 11.Qd2 b6 12.a4 Nc5 13.Nxc5 dxc5 14.c4 a5 15.Bd3 
g6 16.O-O-O Bg7 17.Kb1 Qd6 18.Rde1 O-O-O 19.Rhf1 Rde8 20.Re2 Nd7 21.g4 Qe7
22.Be4 Qd6 23.g5 Re7 24.h4 Rhe8 25.Bf2 Kb8 26.Bg3 Ka7 27.Rfe1 Bh8 28.Re3 
Bg7 29.Qh2 Bh8 30.Bd3 Bg7 31.Bf1 Kb7 32.Bh3 Kc8 33.Qc2 Kb7 34.Qb3 Nb8 35.
Qc2 Nd7 36.Qg2 Kc8 37.f4 exf4 38.Bxf4 Be5 39.Rxe5 Rxe5 40.Rxe5 Rxe5 41.Qg3
Kc7 42.Bxd7 1-0

[Event "26th EUR-ch"]
[Site "Katowice POL"]
[Date "2026.04.07"]
[Round "1.171"]
[White "Uzun, Kuzey"]
[Black "Kuegel, Tobias"]
[Result "0-1"]
[WhiteElo "1982"]
[BlackElo "2398"]
[EventDate "2026.04.07"]
[PlyCount "101"]

1.d4 d5 2.Nc3 Nf6 3.Bf4 c5 4.e3 Bg4 5.f3 Bd7 6.dxc5 Nc6 7.a3 e6 8.Nb5 e5 
9.Bg5 Bxc5 10.b4 Be7 11.Bxf6 gxf6 12.Qxd5 Qb6 13.O-O-O Be6 14.Nd6+ Bxd6 
15.Qxd6 Qxe3+ 16.Kb2 Rd8 17.Qc5 Qxc5 18.Rxd8+ Ke7 19.Rd7+ Bxd7 20.bxc5 Nd4
21.Ne2 Nxe2 22.Bxe2 Rc8 23.Bd3 f5 24.g4 e4 25.Re1 Kf8 26.fxe4 fxg4 27.e5 
h5 28.Rf1 Rxc5 29.Bg6 Be6 30.Bxf7 Bxf7 31.e6 Rc7 32.Rf5 h4 33.exf7 Rxf7 
34.Rh5 h3 35.Rg5 Rg7 36.Rf5+ Rf7 37.Rg5 Rg7 38.Rf5+ Ke7 39.Kc3 g3 40.hxg3 
Rh7 41.Rf1 h2 42.Rh1 Kf6 43.Kd3 Kf5 44.Ke3 Kg4 45.Kf2 Kh3 46.g4 Rf7+ 47.
Ke3 Kg2 48.Rxh2+ Kxh2 49.g5 Rf5 50.g6 Rg5 51.Kd4 0-1

[Event "26th EUR-ch"]
[Site "Katowice POL"]
[Date "2026.04.07"]
[Round "1.172"]
[White "Balacek, Tadeas"]
[Black "Kulpa, Zuzanna"]
[Result "1-0"]
[WhiteElo "2396"]
[BlackElo "1979"]
[EventDate "2026.04.07"]
[PlyCount "101"]

1.d4 Nf6 2.c4 e6 3.Nc3 Bb4 4.e3 O-O 5.Bd2 d5 6.Nf3 b6 7.cxd5 exd5 8.Bd3 
Bb7 9.O-O Nbd7 10.Rc1 Be7 11.Qc2 c5 12.Ne5 Nxe5 13.dxe5 Ne4 14.Rfd1 f5 15.
f3 Nxd2 16.Rxd2 Qc8 17.Be2 Qe6 18.f4 d4 19.Nb5 Qg6 20.Bc4+ Kh8 21.Nc7 Be4 
22.Bd3 dxe3 23.Rdd1 Rac8 24.Bxe4 fxe4 25.Nd5 Rce8 26.Re1 c4 27.Qxc4 a5 28.
Kh1 Bc5 29.a3 Rc8 30.b4 axb4 31.axb4 Qe6 32.Qxe4 Be7 33.Rxc8 Rxc8 34.h3 
Bh4 35.Rxe3 Rc1+ 36.Kh2 Bf2 37.Rc3 Bg1+ 38.Kg3 Rxc3+ 39.Nxc3 h5 40.Qa8+ 
Kh7 41.Qe4+ Kh8 42.Nd5 h4+ 43.Kf3 Qh6 44.Ne3 b5 45.e6 Qh5+ 46.Ng4 Qe8 47.
e7 Bb6 48.Ne5 Qh5+ 49.g4 hxg3+ 50.Kxg3 g5 51.e8=Q+ 1-0

[Event "26th EUR-ch"]
[Site "Katowice POL"]
[Date "2026.04.07"]
[Round "1.173"]
[White "Rozhok, Oleksii"]
[Black "Sukiasian, Vahe A."]
[Result "0-1"]
[WhiteElo "1979"]
[BlackElo "2395"]
[EventDate "2026.04.07"]
[PlyCount "82"]

1.e4 e5 2.Nf3 Nc6 3.Bb5 a6 4.Ba4 Nf6 5.Qe2 b5 6.Bb3 Bc5 7.O-O d6 8.c3 O-O 
9.h3 Bb6 10.Rd1 h6 11.d4 Re8 12.d5 Ne7 13.Nbd2 Ng6 14.Nf1 Nh5 15.Be3 Nhf4 
16.Qe1 Nh4 17.Nxh4 Qxh4 18.Bxb6 Qg5 19.Ng3 cxb6 20.Qf1 Bd7 21.Kh2 h5 22.
Bc2 Rec8 23.Bb3 h4 24.Ne2 b4 25.c4 b5 26.Rac1 Rc5 27.Ng1 Rac8 28.Nf3 Qh5 
29.Nd2 Ne2 30.Ra1 a5 31.a3 bxc4 32.axb4 axb4 33.Bxc4 Rxc4 34.Nxc4 Rxc4 35.
Rd2 Rxe4 36.f3 Ng3 37.Ra8+ Kh7 38.Qd3 Bb5 39.Qxb5 Re1 40.Qd3+ e4 41.Rd1 
exd3 0-1

[Event "26th EUR-ch"]
[Site "Katowice POL"]
[Date "2026.04.07"]
[Round "1.174"]
[White "Smolik, Jachym"]
[Black "Spyra, Piotr"]
[Result "1-0"]
[WhiteElo "2395"]
[BlackElo "1975"]
[EventDate "2026.04.07"]
[PlyCount "95"]

1.c4 c5 2.Nc3 g6 3.g3 Bg7 4.Bg2 Nc6 5.Nf3 d6 6.O-O e5 7.a3 a5 8.d3 Nge7 9.
Bg5 O-O 10.Ne1 f6 11.Bd2 Be6 12.Nd5 Rb8 13.Nxe7+ Qxe7 14.Nc2 Qd7 15.b4 
axb4 16.axb4 d5 17.cxd5 Bxd5 18.Bxd5+ Qxd5 19.Ne3 Qd6 20.Nc4 Qe7 21.bxc5 
Qxc5 22.Be3 Nd4 23.Nd2 f5 24.Bxd4 exd4 25.Qb3+ Kh8 26.Nf3 Qe7 27.Ra2 Rfe8 
28.Rb1 b5 29.Rab2 Rb6 30.Qd5 Rd8 31.Qa2 b4 32.Qc4 h6 33.Nh4 Kh7 34.Rxb4 
Rxb4 35.Rxb4 Qxe2 36.Rb6 Ra8 37.Rb1 Ra2 38.Rf1 Ra7 39.Qc6 Qg4 40.Re1 Qg5 
41.Re8 Rf7 42.Qc4 Qf6 43.Re6 Rc7 44.Qd5 Qf7 45.Nxg6 Rd7 46.Qa2 Rd6 47.Nf4 
Bf6 48.Qc4 1-0

[Event "26th EUR-ch"]
[Site "Katowice POL"]
[Date "2026.04.07"]
[Round "1.175"]
[White "Modzelewski, Filip"]
[Black "Kiolbasa, Oliwia"]
[Result "0-1"]
[WhiteElo "1971"]
[BlackElo "2394"]
[EventDate "2026.04.07"]
[PlyCount "88"]

1.e4 e5 2.Nf3 Nc6 3.Bb5 a6 4.Bxc6 dxc6 5.O-O f6 6.d4 exd4 7.Nxd4 c5 8.Nb3 
Qxd1 9.Rxd1 Bg4 10.f3 Bd7 11.Nc3 O-O-O 12.Bf4 c4 13.Nd4 Bc5 14.Be3 Ne7 15.
Nf5 Bxe3+ 16.Nxe3 b5 17.Ncd5 Nxd5 18.Rxd5 Be6 19.Rdd1 Kb7 20.Kf2 Kb6 21.
Rxd8 Rxd8 22.Rd1 Rxd1 23.Nxd1 b4 24.Ke3 c3 25.b3 a5 26.Kd3 a4 27.Ne3 Kc5 
28.g3 Bd7 29.Nf5 axb3 30.axb3 g6 31.Nd4 Kd6 32.h4 c5 33.Ne2 Be6 34.Nf4 Bf7
35.Ng2 Be6 36.Nf4 Bc8 37.Nd5 f5 38.Ne3 Ba6+ 39.Nc4+ Ke6 40.exf5+ gxf5 41.
g4 fxg4 42.fxg4 Kd5 43.Ke2 Bxc4+ 44.bxc4+ Ke4 0-1

[Event "26th EUR-ch"]
[Site "Katowice POL"]
[Date "2026.04.07"]
[Round "1.176"]
[White "Maltsevskaya, Aleksandra"]
[Black "Amiridou, Dimitra"]
[Result "1-0"]
[WhiteElo "2393"]
[BlackElo "1965"]
[EventDate "2026.04.07"]
[PlyCount "101"]

1.c4 Nf6 2.Nf3 g6 3.g3 Bg7 4.Bg2 d6 5.d4 O-O 6.O-O Nbd7 7.Nc3 Re8 8.b3 e5 
9.dxe5 dxe5 10.Ba3 c6 11.Nd2 Qa5 12.Qc1 e4 13.c5 Nd5 14.Nxd5 cxd5 15.b4 
Qb5 16.Bb2 Qxb4 17.Bxg7 Kxg7 18.Nb3 Ne5 19.Rd1 Be6 20.Rb1 Qc4 21.Qb2 f6 
22.Nd4 Bf7 23.Rdc1 Qa4 24.Nb5 Re7 25.Nd6 Qc6 26.Qd4 Nc4 27.Rxc4 dxc4 28.
Bxe4 Rxe4 29.Nxe4 Rd8 30.Qxd8 Qxe4 31.Re1 g5 32.Qd2 Bd5 33.f3 Qe6 34.e4 
Bc6 35.e5 Kf7 36.exf6 Qxf6 37.Qd6 h6 38.g4 c3 39.Qxf6+ Kxf6 40.Rc1 Ke5 41.
Rxc3 Kd4 42.Ra3 a6 43.Kf2 Bd5 44.f4 gxf4 45.Rh3 Bxa2 46.Rxh6 Bd5 47.g5 a5 
48.g6 a4 49.g7 Kc3 50.Rd6 Bc4 51.c6 1-0

[Event "26th EUR-ch"]
[Site "Katowice POL"]
[Date "2026.04.07"]
[Round "1.177"]
[White "Smolin, Sergey"]
[Black "Rubes, Jan"]
[Result "0-1"]
[WhiteElo "1962"]
[BlackElo "2393"]
[EventDate "2026.04.07"]
[PlyCount "74"]

1.Nf3 c5 2.g3 Nc6 3.Bg2 Nf6 4.O-O e5 5.d3 d5 6.c4 Be7 7.cxd5 Nxd5 8.Nc3 
Be6 9.Bd2 O-O 10.Rc1 h6 11.a3 Rc8 12.Nxd5 Bxd5 13.b4 cxb4 14.axb4 b5 15.
Bc3 Qd6 16.Qd2 Bf6 17.Qb2 a5 18.Rb1 a4 19.Nd2 Bxg2 20.Kxg2 Qd5+ 21.Kg1 Nd4
22.Bxd4 exd4 23.Ne4 Be7 24.Rfc1 f5 25.Nc5 Rc6 26.e4 dxe3 27.fxe3 Bxc5 28.
Rxc5 Rxc5 29.bxc5 Qxd3 30.Qxb5 Qxe3+ 31.Kg2 Qe4+ 32.Kg1 Rd8 33.Qf1 Rd2 34.
Re1 Qd4+ 35.Kh1 Qd5+ 36.Kg1 Qxc5+ 37.Kh1 Rf2 0-1

[Event "26th EUR-ch"]
[Site "Katowice POL"]
[Date "2026.04.07"]
[Round "1.178"]
[White "Oktem, Ege Tuna"]
[Black "Levytskyi, Liubomyr"]
[Result "1-0"]
[WhiteElo "2392"]
[BlackElo "1959"]
[EventDate "2026.04.07"]
[PlyCount "81"]

1.e4 c5 2.c3 Nf6 3.e5 Nd5 4.Nf3 e6 5.d4 cxd4 6.cxd4 b6 7.Bd3 Bb4+ 8.Bd2 
Bxd2+ 9.Qxd2 Ba6 10.O-O O-O 11.Nc3 Bxd3 12.Qxd3 Nxc3 13.bxc3 Nc6 14.d5 
exd5 15.Qxd5 Re8 16.Rad1 Qc7 17.Rfe1 Rad8 18.Re3 Re7 19.Rde1 Rde8 20.h3 h6
21.Re4 Re6 22.Rc4 Qb8 23.Rf4 Qc7 24.Re3 Ne7 25.Qd3 Ng6 26.Rc4 Qb8 27.Qxd7 
R6e7 28.Qd6 Qa8 29.h4 Rd8 30.Qa3 Qb8 31.Rce4 Rd1+ 32.Re1 Rxe1+ 33.Rxe1 Qe8
34.Qd6 Re6 35.Qd4 f6 36.Qd5 Kh7 37.Qd3 Kh8 38.Qf5 Nxe5 39.Kh1 Re7 40.Nd4 
Qd7 41.f4 1-0

[Event "26th EUR-ch"]
[Site "Katowice POL"]
[Date "2026.04.07"]
[Round "1.179"]
[White "Destic, Elena"]
[Black "Borrmann, Laurenz"]
[Result "0-1"]
[WhiteElo "1954"]
[BlackElo "2391"]
[EventDate "2026.04.07"]
[PlyCount "108"]

1.e4 c5 2.d4 cxd4 3.Qxd4 Nc6 4.Qd3 g6 5.Nc3 Bg7 6.Nf3 Nf6 7.Be2 O-O 8.O-O 
d6 9.Nd5 Nd7 10.c3 Nc5 11.Qc2 e6 12.Ne3 f5 13.exf5 gxf5 14.Rd1 d5 15.Nf1 
f4 16.b4 Ne4 17.Bb2 Qf6 18.Bd3 Nxc3 19.Kh1 Nxb4 20.Qb3 a5 21.a3 Nc6 22.
Rac1 d4 23.Nxd4 Nxd1 24.Rxd1 Nxd4 25.Bxd4 Qe7 26.Bb6 Bd7 27.Bc4 Kh8 28.Nd2
a4 29.Qb1 Bc6 30.Nf3 e5 31.Bb5 Rae8 32.Bxc6 bxc6 33.Qe4 Qe6 34.Bc5 Qf5 35.
Qxc6 Rc8 36.Qd5 Rfe8 37.h3 Bf6 38.Nd4 Qh5 39.Rc1 Qg6 40.Nb5 Qg8 41.Qe4 
Red8 42.Na7 Rc7 43.Nb5 Rg7 44.Qf5 Qd5 45.f3 Bh4 46.Nd6 Be7 47.Ne4 Bxc5 48.
Rxc5 Qd1+ 49.Kh2 Rxg2+ 50.Kxg2 Qe2+ 51.Nf2 Rg8+ 52.Qg4 Rxg4+ 53.hxg4 Qb2 
54.Rc7 e4 0-1

[Event "26th EUR-ch"]
[Site "Katowice POL"]
[Date "2026.04.07"]
[Round "1.180"]
[White "Povshednyi, Ivan"]
[Black "Namyslak, Piotr"]
[Result "1-0"]
[WhiteElo "2391"]
[BlackElo "1953"]
[EventDate "2026.04.07"]
[PlyCount "89"]

1.d4 f5 2.g3 Nf6 3.Bg2 e6 4.c4 Be7 5.Nh3 O-O 6.Nf4 d5 7.Nd2 c6 8.O-O Ne4 
9.Qc2 Nxd2 10.Bxd2 Bf6 11.e3 b6 12.b4 g5 13.Nd3 Bb7 14.a4 Rf7 15.b5 Rc7 
16.Qa2 dxc4 17.Qxc4 Kf7 18.Rac1 Rc8 19.Qb3 Qd7 20.e4 fxe4 21.Bxe4 cxb5 22.
Ne5+ Bxe5 23.Qf3+ Kg8 24.Bxb7 Rf8 25.Qg2 Bxd4 26.Bxa8 bxa4 27.Bb4 Rf7 28.
Bc6 Nxc6 29.Qxc6 Qxc6 30.Rxc6 e5 31.Bc3 b5 32.Bxd4 exd4 33.Rb1 Rb7 34.Ra6 
d3 35.Rxa4 Rd7 36.Rab4 a6 37.Rd1 Kf7 38.Kf1 Kf6 39.Rb3 Ke5 40.Rbxd3 Rxd3 
41.Rxd3 b4 42.Ke2 a5 43.Kd2 a4 44.Kc2 g4 45.Rd7 1-0

[Event "26th EUR-ch"]
[Site "Katowice POL"]
[Date "2026.04.07"]
[Round "1.181"]
[White "Adamczyk, Zuzanna"]
[Black "Sherman, Raem"]
[Result "0-1"]
[WhiteElo "1950"]
[BlackElo "2391"]
[EventDate "2026.04.07"]
[PlyCount "110"]

1.d4 Nf6 2.c4 e6 3.g3 d5 4.Nf3 Nc6 5.Bg2 Bd6 6.O-O O-O 7.Qc2 dxc4 8.Qxc4 
e5 9.dxe5 Nxe5 10.Nxe5 Bxe5 11.Nc3 c6 12.Bf4 Be6 13.Qb4 Bxf4 14.Qxf4 Qb6 
15.Qc1 Rad8 16.Qc2 h6 17.Rad1 Qa5 18.b3 Qc5 19.Qb2 Qb4 20.Rd2 Rxd2 21.Qxd2
Nd5 22.Rc1 Qa5 23.Ne4 Qxd2 24.Nxd2 Rd8 25.Nc4 b5 26.Ne3 Nxe3 27.fxe3 Rd2 
28.Bxc6 a6 29.Ra1 Rxe2 30.Bb7 a5 31.b4 a4 32.a3 Rxe3 33.Bc6 Bc4 34.Bg2 g5 
35.Bf1 Bxf1 36.Rxf1 Rxa3 37.Rf5 Ra1+ 38.Kg2 Ra2+ 39.Kh3 Kg7 40.Rxb5 Rb2 
41.Kg4 Rxh2 42.Ra5 Kg6 43.Rxa4 Rf2 44.Kh3 h5 45.g4 Rf3+ 46.Kg2 hxg4 47.b5 
Rb3 48.Ra6+ Kf5 49.Rb6 Ke5 50.Rb7 f5 51.b6 Kf4 52.Rb8 Rb2+ 53.Kf1 g3 54.b7
g2+ 55.Kg1 Kg3 0-1

[Event "26th EUR-ch"]
[Site "Katowice POL"]
[Date "2026.04.07"]
[Round "1.182"]
[White "Lazov, Toni"]
[Black "Chmiel, Pawel"]
[Result "1-0"]
[WhiteElo "2389"]
[BlackElo "1949"]
[EventDate "2026.04.07"]
[PlyCount "90"]

1.e4 e6 2.d3 d5 3.Nd2 c5 4.g3 Bd7 5.Ngf3 Qc7 6.Bg2 Bc6 7.O-O Nd7 8.exd5 
Bxd5 9.Nc4 Bxc4 10.dxc4 Bd6 11.Qd3 Rd8 12.Rd1 Nb8 13.Qc3 f6 14.Qe1 Kf7 15.
Bh3 e5 16.Qe4 Ne7 17.Qg4 Rhe8 18.Qh5+ Kg8 19.Be6+ Kh8 20.Bf7 Rf8 21.Nh4 g5
22.Bg6 Nec6 23.Nf5 Nd4 24.c3 Nxf5 25.Bxf5 Qf7 26.Qxf7 Rxf7 27.Be3 b6 28.
Rd2 Rff8 29.Rad1 Be7 30.Kg2 Rxd2 31.Rxd2 Rd8 32.Kf3 Kg7 33.Ke4 Nc6 34.Rd7 
Rxd7 35.Bxd7 Nd8 36.Kd5 Kf7 37.a3 Bf8 38.b4 Nb7 39.Bc8 Nd6 40.Be6+ Ke7 41.
bxc5 Nxc4 42.Kxc4 Kxe6 43.cxb6 axb6 44.a4 Kd6 45.Kb5 Kd5 1-0

[Event "26th EUR-ch"]
[Site "Katowice POL"]
[Date "2026.04.07"]
[Round "1.183"]
[White "Ciborowski, Konrad jr"]
[Black "Pasti, Aron"]
[Result "0-1"]
[WhiteElo "1948"]
[BlackElo "2388"]
[EventDate "2026.04.07"]
[PlyCount "70"]

1.d4 Nf6 2.Nc3 e6 3.Bf4 Bb4 4.e3 Nd5 5.a3 Bxc3+ 6.bxc3 Nxf4 7.exf4 b6 8.g3
Bb7 9.Nf3 d6 10.Bg2 Nd7 11.O-O O-O 12.Re1 Nf6 13.c4 c5 14.c3 Rc8 15.Qb3 d5
16.cxd5 Bxd5 17.Qa4 Qe7 18.Ne5 Bxg2 19.Kxg2 Qb7+ 20.Kg1 Nd5 21.dxc5 Nxc3 
22.Qd4 Rxc5 23.Nd7 Rd5 24.Nf6+ gxf6 25.Qxc3 Kg7 26.Qf3 f5 27.Qc3+ Kg6 28.
h4 h5 29.Re3 Rc8 30.Qb2 Qd7 31.Rae1 Rd1 32.Qe5 Rcc1 33.Kh2 f6 34.Qb8 Rxe1 
35.Qg8+ Qg7 0-1

[Event "26th EUR-ch"]
[Site "Katowice POL"]
[Date "2026.04.07"]
[Round "1.184"]
[White "Svanda, Ondrej"]
[Black "Olbrycht, Hubert"]
[Result "1-0"]
[WhiteElo "2385"]
[BlackElo "1940"]
[EventDate "2026.04.07"]
[PlyCount "85"]

1.e4 c5 2.Nf3 d6 3.d4 cxd4 4.Nxd4 Nf6 5.Nc3 a6 6.Nb3 g6 7.Be3 Bg7 8.Qd2 
Nc6 9.f3 h5 10.O-O-O Bd7 11.Kb1 b5 12.h3 Rc8 13.Be2 h4 14.Bg5 Ne5 15.f4 b4
16.fxe5 bxc3 17.Qe3 dxe5 18.Bxf6 Bxf6 19.Bxa6 Rc7 20.Bb5 Qc8 21.Rxd7 Rxd7 
22.Rd1 O-O 23.Bxd7 Qa6 24.Qxc3 Qe2 25.Qf3 Qc4 26.Qd3 Qc7 27.Bb5 Qb6 28.a4 
Rc8 29.Qd7 Rb8 30.Qd2 Kg7 31.Bd3 Qc6 32.a5 Qa4 33.a6 Rc8 34.Qa5 Qd7 35.Qb5
Qd8 36.Qd5 Qc7 37.Qb7 Qd8 38.a7 Bg5 39.Be2 Qf8 40.Bc4 Be3 41.Bd5 Bxa7 42.
Qxa7 Qd8 43.Rd2 1-0

[Event "26th EUR-ch"]
[Site "Katowice POL"]
[Date "2026.04.07"]
[Round "1.185"]
[White "Czyz, Andrzej"]
[Black "Yordanov, Lachezar"]
[Result "0-1"]
[WhiteElo "1936"]
[BlackElo "2384"]
[EventDate "2026.04.07"]
[PlyCount "66"]

1.d4 Nf6 2.c4 e6 3.Nf3 d5 4.Nc3 Bb4 5.Qb3 c5 6.dxc5 Nc6 7.e3 Ne4 8.Bd2 
Nxd2 9.Nxd2 d4 10.exd4 Qxd4 11.Nf3 Qf4 12.Be2 O-O 13.O-O Bxc5 14.Rad1 b6 
15.Qc2 Bb7 16.g3 Qc7 17.Nb5 Qe7 18.h4 Rad8 19.Rxd8 Rxd8 20.Rd1 a6 21.Nc3 
h6 22.a3 Nd4 23.Nxd4 Bxd4 24.Bf1 Qc7 25.Bg2 Qxg3 26.Nd5 Qxh4 27.Qd2 e5 28.
Qe2 Rd6 29.Kf1 Bxd5 30.cxd5 Rf6 31.f3 Rg6 32.Rd2 Qh1+ 33.Bxh1 Rg1# 0-1

[Event "26th EUR-ch"]
[Site "Katowice POL"]
[Date "2026.04.07"]
[Round "1.186"]
[White "Sieciechowicz, Marcin"]
[Black "Wasiluk, Mateusz"]
[Result "1-0"]
[WhiteElo "2383"]
[BlackElo "1933"]
[EventDate "2026.04.07"]
[PlyCount "197"]

1.d4 Nf6 2.c4 e6 3.Nc3 Bb4 4.Qc2 d5 5.cxd5 exd5 6.Bg5 h6 7.Bh4 Nc6 8.e3 g5
9.Bg3 h5 10.Bb5 h4 11.Be5 O-O 12.h3 Qe7 13.Nf3 Ne4 14.Bh2 Bf5 15.Bd3 Na5 
16.O-O Bxc3 17.bxc3 Nc4 18.Ne5 Nxe5 19.Bxe5 f6 20.Bh2 Bh7 21.c4 c6 22.cxd5
cxd5 23.Rac1 Rf7 24.Rfe1 Rd8 25.Qb2 Nd6 26.Bxh7+ Kxh7 27.Qc2+ Kg7 28.Qc5 
Nc8 29.Qb5 Nb6 30.Bc7 Rd7 31.Bxb6 axb6 32.Qxb6 Qd6 33.Qxd6 Rxd6 34.Rc5 b6 
35.Rb5 Ra7 36.Re2 Kf7 37.Reb2 Ra6 38.Kf1 Ke6 39.Ke2 Kd7 40.Kd3 Kc6 41.R5b4
Kc7 42.e4 Ra3+ 43.R4b3 dxe4+ 44.Kxe4 Ra5 45.Rb5 Ra8 46.d5 Ra4+ 47.R5b4 Ra5
48.Rc4+ Kd7 49.Rd2 Ra8 50.Kf5 Ra5 51.Rcd4 b5 52.f4 gxf4 53.Rxf4 Rda6 54.
Rff2 b4 55.Kg6 Rd6 56.Rd4 Raxd5 57.Rxb4 Rd2 58.Rb2 Rxb2 59.Rxb2 Ra6 60.Re2
Kd8 61.a4 Rxa4 62.Kxf6 Ra5 63.Re4 Rh5 64.Re5 Rh6+ 65.Kg7 Rd6 66.Re4 Rd2 
67.Rg4 Ke7 68.Kg6 Ke6 69.Kg5 Ra2 70.Kxh4 Kf5 71.Kg3 Ra3+ 72.Kh2 Ra2 73.Rb4
Ra3 74.h4 Kg6 75.Rb5 Kh6 76.g3 Kg6 77.Kh3 Ra4 78.Rb6+ Kh7 79.h5 Ra1 80.g4 
Rh1+ 81.Kg3 Kg7 82.Kf4 Ra1 83.h6+ Kh7 84.Kg5 Ra5+ 85.Kh4 Rc5 86.Rf6 Ra5 
87.g5 Ra1 88.Rf7+ Kg8 89.g6 Rh1+ 90.Kg5 Rg1+ 91.Kf6 Rf1+ 92.Ke6 Re1+ 93.
Kd5 Rd1+ 94.Ke5 Re1+ 95.Kd4 Rd1+ 96.Ke3 Re1+ 97.Kf2 Re8 98.h7+ Kh8 99.g7+ 
1-0